Le regard de Johann Gottlieb Burckhardt, théologien luthérien saxon du XVIIIe siècle, sur la «cause animale» dans le contexte de sa théologie de la nature

Saved in:  
Bibliographic Details
Main Author: Weyer, Michel (Author)
Format: Print Article
Language:French
Check availability: HBZ Gateway
Interlibrary Loan:Interlibrary Loan for the Fachinformationsdienste (Specialized Information Services in Germany)
Published: 2021
In: Positions luthériennes
Year: 2021, Volume: 69, Issue: 2, Pages: 111-132
IxTheo Classification:KAH Church history 1648-1913; modern history
KDD Protestant Church
NAB Fundamental theology

MARC

LEADER 00000naa a22000002c 4500
001 1777226392
003 DE-627
005 20211111045040.0
007 tu
008 211111s2021 xx ||||| 00| ||fre c
035 |a (DE-627)1777226392 
035 |a (DE-599)KXP1777226392 
040 |a DE-627  |b ger  |c DE-627  |e rda 
041 |a fre 
084 |a 1  |2 ssgn 
100 1 |a Weyer, Michel  |e VerfasserIn  |4 aut 
245 1 3 |a Le regard de Johann Gottlieb Burckhardt, théologien luthérien saxon du XVIIIe siècle, sur la «cause animale» dans le contexte de sa théologie de la nature 
264 1 |c 2021 
336 |a Text  |b txt  |2 rdacontent 
337 |a ohne Hilfsmittel zu benutzen  |b n  |2 rdamedia 
338 |a Band  |b nc  |2 rdacarrier 
601 |a Burckhardt, Johann Gottlieb 
652 |a KAH:KDD:NAB 
773 0 8 |i Enthalten in  |t Positions luthériennes  |d Paris, 1953  |g 69(2021), 2, Seite 111-132  |w (DE-627)129884421  |w (DE-600)300656-6  |w (DE-576)015182495  |x 0032-5228  |7 nnas 
773 1 8 |g volume:69  |g year:2021  |g number:2  |g pages:111-132 
935 |a mteo 
951 |a AR 
ELC |b 1 
ITA |a 1  |t 1 
LOK |0 000 xxxxxcx a22 zn 4500 
LOK |0 001 400141354X 
LOK |0 003 DE-627 
LOK |0 004 1777226392 
LOK |0 005 20211207160544 
LOK |0 008 211111||||||||||||||||ger||||||| 
LOK |0 035   |a (DE-Tue135)129884421_69_2021_2_111 
LOK |0 040   |a DE-Tue135  |c DE-627  |d DE-Tue135 
LOK |0 092   |o n 
LOK |0 852   |a DE-Tue135 
LOK |0 852 1  |9 00 
LOK |0 935   |a imwa  |a ixzs 
LOK |0 936ln  |0 1442044624  |a KAH 
LOK |0 936ln  |0 1442050047  |a KDD 
LOK |0 936ln  |0 1442050926  |a NAB 
LOK |0 939   |a 11-11-21  |b l01 
ORI |a SA-MARC-ixtheoa001.raw